000 00640cab a2200229 4500
001 ABS49579
008 090401t1993 xxu||||| |||| 00| 0 eng d
035 _a(Sirsi) u71851
041 _aeng
100 _aDavis, C.
245 _aCapital gains in partnerships
260 _c1993
350 _a0
490 _aSolicitors` Journal
_v137(38) 8 October 1993, 992-993(2)
520 _aReviews the Taxation of Chargeable Gains Act 1992 and its impact on partnerships. Includes worked examples.
650 _aCAPITAL GAINS TAX
650 _aCGT
650 _aPARTNERSHIPS
690 _aTAXATION
942 _n0
948 _c04/03/1997
999 _c45323
_d45323